00378nam a22001337a 450000500170000000800410001704100120005808200120007010000120008224500420009426000520013630000310018865000250021920240807104707.0240807b |||||||| |||| 00| 0 eng d aEnglish a349 SOU lEnglish aSouth African Law Reports: Transvaal  aGrahamstown: bAfrican Book Company Ltd, c1910 bxiv, 1373 pages; c25 cm.  aLegal practice bLaw